000 00306nam a22001457a 4500
008 231124b ||||| |||| 00| 0 eng d
020 _a0743259998
041 _aeng
080 _a618
082 _a618DOU
100 _a15
101 _aGJINEK
245 _aTHE MOMMY MYTH
_cDOUGLAS.S
942 _2udc
_cBK
999 _c60508
_d60508